| 000 | 00437nam a2200157Ia 4500 | ||
|---|---|---|---|
| 008 | 220216s9999 xx 000 0 und d | ||
| 100 | _aBhardwaj K K R | ||
| 245 | 0 | _aManagement of organic materials from field plantation crops | |
| 260 |
_bBulletin Indian Society of Soil Science _c1998 |
||
| 300 | _a122-134 | ||
| 500 | _aSource Year: 1998 | ||
| 700 | _aKalyanasundaram N K | ||
| 700 | _aKhan H H | ||
| 856 | _uIRRDB | ||
| 942 | _cJS | ||
| 999 |
_c62433 _d62433 |
||